| 000 | 01296nam a2200349 i 4500 | ||
|---|---|---|---|
| 003 | EG-GICUC | ||
| 005 | 20260125185518.0 | ||
| 008 | 260125s1908 fr a|||fr|||| 000 0 fre d | ||
| 040 |
_aEG-GiCUC _bfre _cEG-GiCUC _dEG-GiCUC _eRda |
||
| 041 | _afre | ||
| 082 | 0 | 4 |
_221 _a341.6047 _bAR . G |
| 092 | 0 | 4 | _221 |
| 099 | _aLaw1 11 341.6047 AR . G 1908 | ||
| 100 | 1 |
_aAriga, Nagao _eAuteur |
|
| 245 | 1 | 3 |
_aLa Guerre Russo-japonaise : _bAu Point De Vue Continental Et Le Droit International / _cNagao Ariga. |
| 264 | 1 |
_aParis : _bA. Pedone, Éditeur, _c1908. |
|
| 300 |
_a587 page : _billustration ; _c 24 cm. |
||
| 336 |
_2rda contenu _a texte |
||
| 337 |
_2rda medias _aOrdinateur |
||
| 338 |
_2 transporteur rda _a Ressource en ligne |
||
| 500 | _aD'apres Les Documents Officiels Du Grand État-major Japonais Section Historique De La Guerre De 1904-1905 | ||
| 504 | _aBibliography: pages 200-250. 240-220 | ||
| 546 | _aTexte en français | ||
| 650 | 1 | 4 |
_aDroit de la guerre / _2qrmak |
| 650 | 1 | 4 |
_aDroit international humanitaire _2qrmak |
| 651 | 1 |
_2qrmak _aRussie _xDroit international |
|
| 651 | 1 |
_aJapon _xDroit international |
|
| 700 | 1 |
_aFouchille, Paul _ePréfacier |
|
| 856 | 4 | 0 | _uhttps://fll.law.cu.edu.eg/fulltext/bks/B11-06657.pdf |
| 905 | _a79 | ||
| 942 |
_2ddc _cBK _e21 _n0 |
||
| 999 |
_c59350 _d59350 |
||